Dyông dư Hơamon Bahnar

Gorde:
Xehetasun bibliografikoak
Beste egile batzuk: Vũ Ngọc Bình (s.t., biên dịch), Nguyễn Quang Tuệ (s.t., biên dịch), Văn Công Hùng (s.t., biên dịch), Trần Phong (s.t., biên dịch)
Formatua: Liburua
Hizkuntza:Vietnamese
Argitaratua: H. Thời đại 2012
Gaiak:
Etiketak: Etiketa erantsi
Etiketarik gabe, Izan zaitez lehena erregistro honi etiketa jartzen!
Thư viện lưu trữ: Mạng thư viện Đại học Đà Nẵng
LEADER 01555aam a22004218a 4500
001 000018096
003 14523
005 20130904150958.0
008 130904s2012 viesd
020 |d 2000b 
041 0 |a vie 
082 1 4 |2 14  |a 398.209597  |b Dyo 
245 0 0 |a Dyông dư  |b Hơamon Bahnar  |c S.t., biên dịch: Vũ Ngọc Bình, Nguyễn Quang Tuệ, Văn Công Hùng, Trần Phong 
260 |a H.  |b Thời đại  |c 2012 
300 |a 497 tr.  |c 21 cm. 
500 |a ĐTTS ghi: Hội Văn nghệ dân gian Việt Nam 
546 |a Chính văn bằng hai thứ tiếng: Việt - Bahnar 
650 7 |2 Bộ TK TVQG 
650 0 4 |2 Bộ TK TVQG  |a Văn học dân gian  |x Dân tộc Bahnar  |z Việt Nam 
650 0 4 |2 Bộ TK TVQG  |v Sử thi 
651 7 |2 Bộ TK TVQG  |a Việt Nam 
653 |a Hơamon Bahnar 
653 |a Dyông dư 
655 7 |2 Bộ TK TVQG  |a Sử thi 
700 1 |a Vũ Ngọc Bình  |e s.t., biên dịch 
700 1 |a Nguyễn Quang Tuệ  |e s.t., biên dịch 
700 1 |a Văn Công Hùng  |e s.t., biên dịch 
700 1 |a Trần Phong  |e s.t., biên dịch 
OWN |a LSP 
AVA |a UDN50  |b LSP  |d 398.209597 Dyo  |e available  |t Error 5001 Not defined in file expand_doc_bib_avail.  |f 1  |g 0  |h N  |i 0  |k 1 
999 |a From the UDN01 
AVA |a UDN50  |b LSP  |d 398.209597 Dyo  |e available  |t Error 5001 Not defined in file expand_doc_bib_avail.  |f 1  |g 0  |h N  |i 0  |k 1 
TYP |a Monograph 
TYP |a Printed language 
980 |a Mạng thư viện Đại học Đà Nẵng